| 000 | 004940000a22001930004500 | ||
|---|---|---|---|
| 001 | 002324 | ||
| 003 | MACL | ||
| 005 | 20150812150354.0 | ||
| 008 | 150812b xxu||||| |||| 00| 0 eng d | ||
| 040 |
_aMACL _cMACL |
||
| 041 | _aEnglish | ||
| 082 | _a372.3/PAL | ||
| 100 |
_aPahari, Subrata _95002 |
||
| 245 |
_aNational Council Of Education And Natitional Science _cSubrata Pahari |
||
| 260 |
_aKolkata _c2005 _bKolkata, |
||
| 350 | _a250 | ||
| 650 |
_aEducation _95003 |
||
| 942 |
_k372 _cBK _2ddc |
||
| 999 |
_c14236 _d14236 |
||